000 00337nam a22001457a 4500
008 230329b ||||| |||| 00| 0 eng d
020 _a0442225636
041 _aeng
080 _22ND EDITION
_a621
082 _a621NOV
100 _a19
101 _aMEKATRO
245 _aHANDBOOK OF NONPOINT POLLUTION
_cNOVOTNY.V
942 _2udc
_cBK
999 _c59474
_d59474